Tư tưởng Hồ chí Minh và con đường cách mạng Việt Nam

Αποθηκεύτηκε σε:
Λεπτομέρειες βιβλιογραφικής εγγραφής
Κύριος συγγραφέας: Võ, Nguyên Giáp
Μορφή: Βιβλίο
Γλώσσα:Undetermined
Έκδοση: Hà Nội Chính trị Quốc gia 2003
Ετικέτες: Προσθήκη ετικέτας
Δεν υπάρχουν, Καταχωρήστε ετικέτα πρώτοι!
Thư viện lưu trữ: Trung tâm Học liệu Trường Đại học Cần Thơ
LEADER 00552nam a2200181Ia 4500
001 CTU_60790
008 210402s9999 xx 000 0 und d
020 |b 40000 
082 |a 324.2075092 
082 |b Gi109 
100 |a Võ, Nguyên Giáp 
245 0 |a Tư tưởng Hồ chí Minh và con đường cách mạng Việt Nam 
245 0 |c Võ Nguyên Giáp 
260 |a Hà Nội 
260 |b Chính trị Quốc gia 
260 |c 2003 
904 |i Minh, Năm 
980 |a Trung tâm Học liệu Trường Đại học Cần Thơ